<?xml version="1.0" encoding="UTF-8"?>
<record
    xmlns:xsi="http://www.w3.org/2001/XMLSchema-instance"
    xsi:schemaLocation="http://www.loc.gov/MARC21/slim http://www.loc.gov/standards/marcxml/schema/MARC21slim.xsd"
    xmlns="http://www.loc.gov/MARC21/slim">

  <leader>00756nam a22001577a 4500</leader>
  <controlfield tag="003">OSt</controlfield>
  <controlfield tag="005">20151114141022.0</controlfield>
  <controlfield tag="008">151114b        xxu||||| |||| 00| 0 eng d</controlfield>
  <datafield tag="040" ind1=" " ind2=" ">
    <subfield code="c">RUA</subfield>
  </datafield>
  <datafield tag="082" ind1=" " ind2=" ">
    <subfield code="a">FOR NOR 2013 B142 Or.1</subfield>
  </datafield>
  <datafield tag="100" ind1=" " ind2=" ">
    <subfield code="9">3678</subfield>
    <subfield code="a">NORN, NA VIN.</subfield>
  </datafield>
  <datafield tag="245" ind1=" " ind2=" ">
    <subfield code="a">Study of flora in krang serey community forest site at kirivon commune phnom sruch district kampong speu, &#x179F;&#x17B7;&#x1780;&#x17D2;&#x179F;&#x17B6;&#x1796;&#x17B8;&#x179F;&#x17B6;&#x179A;&#x1796;&#x17D0;&#x1793;&#x17D2;&#x1792;&#x179A;&#x17BB;&#x1780;&#x17D2;&#x1781;&#x1787;&#x17B6;&#x178F;&#x17B7;&#x1793;&#x17C5;&#x178F;&#x17C6;&#x1794;&#x1793;&#x17CB;&#x179F;&#x17A0;&#x1782;&#x1798;&#x1793;&#x17CD;&#x1796;&#x17D2;&#x179A;&#x17C3;&#x1788;&#x17BE; &#x1780;&#x17D2;&#x179A;&#x17B6;&#x17C6;&#x1784;&#x179F;&#x17B7;&#x179A;&#x17B8; &#x1783;&#x17BB;&#x17C6;&#x1782;&#x17B7;&#x179A;&#x17B8;&#x179C;&#x17D0;&#x178E;&#x17D2;&#x178E; &#x179F;&#x17D2;&#x179A;&#x17BB;&#x1780;&#x1797;&#x17D2;&#x1793;&#x17C6;&#x179F;&#x17D2;&#x179A;&#x17BD;&#x1785; &#x1781;&#x17C1;&#x178F;&#x17D2;&#x178F;&#x1780;&#x17C6;&#x1796;&#x1784;&#x17CB;&#x179F;&#x17D2;&#x1796;&#x17BA;</subfield>
  </datafield>
  <datafield tag="260" ind1=" " ind2=" ">
    <subfield code="a">Phnom Penh</subfield>
    <subfield code="b">RUA</subfield>
    <subfield code="c">2013</subfield>
  </datafield>
  <datafield tag="300" ind1=" " ind2=" ">
    <subfield code="a">x; 49cm.</subfield>
    <subfield code="b">ill.</subfield>
    <subfield code="c">29cm.</subfield>
  </datafield>
  <datafield tag="942" ind1=" " ind2=" ">
    <subfield code="2">ddc</subfield>
    <subfield code="c">FOR</subfield>
  </datafield>
  <datafield tag="999" ind1=" " ind2=" ">
    <subfield code="c">3426</subfield>
    <subfield code="d">3426</subfield>
  </datafield>
  <datafield tag="952" ind1=" " ind2=" ">
    <subfield code="0">0</subfield>
    <subfield code="1">0</subfield>
    <subfield code="2">ddc</subfield>
    <subfield code="4">0</subfield>
    <subfield code="6">FOR_NOR_2013_000000000000000_B142_OR_1</subfield>
    <subfield code="7">0</subfield>
    <subfield code="9">16310</subfield>
    <subfield code="a">LBB</subfield>
    <subfield code="b">LBB</subfield>
    <subfield code="c">B142</subfield>
    <subfield code="d">2015-11-14</subfield>
    <subfield code="o">FOR NOR 2013 B142 Or.1</subfield>
    <subfield code="p">RUA027109</subfield>
    <subfield code="r">2015-11-14</subfield>
    <subfield code="w">2015-11-14</subfield>
    <subfield code="y">FOR</subfield>
  </datafield>
  <datafield tag="952" ind1=" " ind2=" ">
    <subfield code="0">0</subfield>
    <subfield code="1">0</subfield>
    <subfield code="2">ddc</subfield>
    <subfield code="4">0</subfield>
    <subfield code="6">FOR_NOR_2013_000000000000000_B142_OR_2</subfield>
    <subfield code="7">0</subfield>
    <subfield code="9">16311</subfield>
    <subfield code="a">LBB</subfield>
    <subfield code="b">LBB</subfield>
    <subfield code="c">B142</subfield>
    <subfield code="d">2015-11-14</subfield>
    <subfield code="l">1</subfield>
    <subfield code="o">FOR NOR 2013 B142 Or.2</subfield>
    <subfield code="p">RUA027192</subfield>
    <subfield code="r">2023-06-14</subfield>
    <subfield code="s">2023-05-17</subfield>
    <subfield code="w">2015-11-14</subfield>
    <subfield code="y">FOR</subfield>
  </datafield>
  <datafield tag="952" ind1=" " ind2=" ">
    <subfield code="0">0</subfield>
    <subfield code="1">0</subfield>
    <subfield code="2">ddc</subfield>
    <subfield code="4">0</subfield>
    <subfield code="6">FOR_NOR_2013_000000000000000_B142_OR_3</subfield>
    <subfield code="7">0</subfield>
    <subfield code="9">16312</subfield>
    <subfield code="a">LBB</subfield>
    <subfield code="b">LBB</subfield>
    <subfield code="c">B142</subfield>
    <subfield code="d">2015-11-14</subfield>
    <subfield code="l">1</subfield>
    <subfield code="o">FOR NOR 2013 B142 Or.3</subfield>
    <subfield code="p">RUA027253</subfield>
    <subfield code="r">2023-02-07</subfield>
    <subfield code="s">2023-01-13</subfield>
    <subfield code="w">2015-11-14</subfield>
    <subfield code="y">FOR</subfield>
  </datafield>
  <datafield tag="952" ind1=" " ind2=" ">
    <subfield code="0">0</subfield>
    <subfield code="1">0</subfield>
    <subfield code="2">ddc</subfield>
    <subfield code="4">0</subfield>
    <subfield code="6">FOR_NOR_2013_000000000000000_B142_OR_4</subfield>
    <subfield code="7">0</subfield>
    <subfield code="9">16313</subfield>
    <subfield code="a">LBB</subfield>
    <subfield code="b">ML</subfield>
    <subfield code="c">B142</subfield>
    <subfield code="d">2015-11-14</subfield>
    <subfield code="l">8</subfield>
    <subfield code="o">FOR NOR 2013 B142 Or.4</subfield>
    <subfield code="p">RUA027181</subfield>
    <subfield code="r">2025-12-04</subfield>
    <subfield code="s">2025-10-30</subfield>
    <subfield code="w">2015-11-14</subfield>
    <subfield code="y">FOR</subfield>
  </datafield>
  <datafield tag="952" ind1=" " ind2=" ">
    <subfield code="0">0</subfield>
    <subfield code="1">0</subfield>
    <subfield code="2">ddc</subfield>
    <subfield code="4">0</subfield>
    <subfield code="6">FOR_NOR_2013_000000000000000_B142_OR_5</subfield>
    <subfield code="7">0</subfield>
    <subfield code="9">16314</subfield>
    <subfield code="a">LBB</subfield>
    <subfield code="b">LBB</subfield>
    <subfield code="c">B142</subfield>
    <subfield code="d">2015-11-14</subfield>
    <subfield code="o">FOR NOR 2013 B142 Or.5</subfield>
    <subfield code="p">RUA027203</subfield>
    <subfield code="r">2015-11-14</subfield>
    <subfield code="w">2015-11-14</subfield>
    <subfield code="y">FOR</subfield>
  </datafield>
  <datafield tag="952" ind1=" " ind2=" ">
    <subfield code="0">0</subfield>
    <subfield code="1">0</subfield>
    <subfield code="2">ddc</subfield>
    <subfield code="4">0</subfield>
    <subfield code="6">FOR_NOR_2013_000000000000000_B142_OR_6</subfield>
    <subfield code="7">0</subfield>
    <subfield code="9">16315</subfield>
    <subfield code="a">LBB</subfield>
    <subfield code="b">LBB</subfield>
    <subfield code="c">B142</subfield>
    <subfield code="d">2015-11-14</subfield>
    <subfield code="o">FOR NOR 2013 B142 Or.6</subfield>
    <subfield code="p">RUA027275</subfield>
    <subfield code="r">2015-11-14</subfield>
    <subfield code="w">2015-11-14</subfield>
    <subfield code="y">FOR</subfield>
  </datafield>
  <datafield tag="952" ind1=" " ind2=" ">
    <subfield code="0">0</subfield>
    <subfield code="1">0</subfield>
    <subfield code="2">ddc</subfield>
    <subfield code="4">0</subfield>
    <subfield code="6">FOR_NOR_2013_000000000000000_B142_OR_7</subfield>
    <subfield code="7">0</subfield>
    <subfield code="9">16316</subfield>
    <subfield code="a">LBB</subfield>
    <subfield code="b">LBB</subfield>
    <subfield code="c">B142</subfield>
    <subfield code="d">2015-11-14</subfield>
    <subfield code="o">FOR NOR 2013 B142 Or.7</subfield>
    <subfield code="p">RUA027469</subfield>
    <subfield code="r">2015-11-14</subfield>
    <subfield code="w">2015-11-14</subfield>
    <subfield code="y">FOR</subfield>
  </datafield>
  <datafield tag="952" ind1=" " ind2=" ">
    <subfield code="0">0</subfield>
    <subfield code="1">0</subfield>
    <subfield code="2">ddc</subfield>
    <subfield code="4">0</subfield>
    <subfield code="6">FOR_NOR_2013_000000000000000_B142_OR_8</subfield>
    <subfield code="7">0</subfield>
    <subfield code="9">16317</subfield>
    <subfield code="a">LBB</subfield>
    <subfield code="b">LBB</subfield>
    <subfield code="c">B142</subfield>
    <subfield code="d">2015-11-14</subfield>
    <subfield code="o">FOR NOR 2013 B142 Or.8</subfield>
    <subfield code="p">RUA027011</subfield>
    <subfield code="r">2015-11-14</subfield>
    <subfield code="w">2015-11-14</subfield>
    <subfield code="y">FOR</subfield>
  </datafield>
</record>
